00904nam a2200241 a 450000100080000000500110000800800410001910000150006024500850007526000330016030000160019352002580020965300130046765300220048065300270050270000140052970000170054370000200056070000170058070000170059770000260061470000220064011214092014-07-31 1984 bl uuuu u0uu1 u #d1 aTERNES, M. aNova cultivar de mandioca recomendada para Santa CatarinabEmpasc 251 - Machado. aFlorian??polis: Empascc1984 a4p.cFolder aA cultivar EMPASC 251-Machado foi recomendada para plantio na d??cada de 80 para as regi??es do Vale do Itaja??, Litoral Norte e regi??o de Florian??polis, em solos de textura argilosa e Franco-argilosa. Atualmente n??o ?? mais recomendada para plantio. aCultivar aManihot esculenta aMelhoramento gen??tico1 aMIURA, L.1 aFROSI, J. F.1 aSCHMITT, ??. T.1 aBACHA, R. E.1 aMONDARDO, E.1 aSANTOS J??NIOR, O. G.1 aSCHIOCCHET, M. A.